00949cam a22002774a 450000100090000000300040000900500170001300800410003001000170007102000270008802000220011504000180013704200080015505000220016308200180018524501490020326000510035230000340040350400510043765000340048865000420052265000350056470000210059970000260062070000250064612233902OSt20180117085946.0001117s2001 vaua b 001 0 eng  a 00067276  a1853837180 (hardcover) a1853837172 (pbk.) aDLCcDLCdDLC apcc00aHT166b.U726 200100a307.1/41622100aUrban development and civil society :bthe role of communities in sustainable cities /cedited by Michael Carley, Paul Jenkins, and Harry Smith. aSterling, VA :bEarthscan Publications,c2001. axiv, 230 p. :bill. ;c24 cm. aIncludes bibliographical references and index. 0aCommunity development, Urban. 0aCity planningxCitizen participation. 0aSustainable urban development.1 aCarley, Michael.1 aJenkins, Paul,d1953-1 aSmith, Harry,d1963-